000 00341nam a2200157Ia 4500
999 _c2811
_d2811
003 OSt
005 20240704175801.0
008 200302s9999 xx 000 0 und d
082 _a711.41
100 _aAllan B. Jacobs FACULTY
245 _aGreat Streets
260 _bThe Mit Press
260 _c1995
300 _a331 P.,
942 _2ddc